| 000 | 00621nam a2200205Ia 4500 | ||
|---|---|---|---|
| 999 |
_c41743 _d41743 |
||
| 003 | GCL | ||
| 005 | 20240530103708.0 | ||
| 008 | 140319s9999 xx 000 0 ara d | ||
| 040 |
_aGCL / _cGCL |
||
| 082 | 0 | 4 |
_a232 _bم ح |
| 100 | 1 | _aابى شجاع بن منجح الشافعى | |
| 245 | 1 | 0 |
_aحالة اهل الحقيقة مع الله / _cابى شجاع بن منجح الشافعى |
| 300 | _a336 | ||
| 490 |
_aكتاب _v0 |
||
| 650 | 0 | 4 | _aالحديث - رواية |
| 650 | 0 | 4 | _aالرواه - تراجم |
| 650 | 0 | 4 | _aالحديث - اسناد |
| 700 | 1 | _aعبدالغنى نكرمى | |
| 942 |
_2ddc _cBK |
||